| 000 | 00734 a2200181 4500 | ||
|---|---|---|---|
| 003 | Nust | ||
| 005 | 20230125135315.0 | ||
| 040 | _cNust | ||
| 082 | _a808.83,SCH | ||
| 100 |
_aSchwarz-Bart, André, _9107648 |
||
| 245 |
_aThe last of the just / _bTranslated from the French by Stephen Becker _c André Schwarz-Bart, |
||
| 250 | _a1st American ed | ||
| 260 |
_aNew York, _b Atheneum Publishers, _c1961 |
||
| 300 | _a409 p | ||
| 505 | _aThe Legend of the Just Men (Page-3), Zemyock (Page-25), Stilenstadt (Page-87), The Just Man of the Flies (Page-153), Mr. Kremer and Miss ILSE (Page-219), The dog (Page-275), The Marriage of Ernie Levy (Page-331), Never Again (Page-381). | ||
| 650 |
_aFrance --Fiction. _9107649 |
||
| 942 |
_2ddc _cBK |
||
| 999 |
_c191005 _d191005 |
||